000 05173nas1a22004331i 4500
001 RU\NLR\INFOCOMM21\5000014339
005 20240723101011.0
035 _a(NLR Aleph) 002336078
090 _a4468328
_c4468328
100 _a20041118c1895 |||y0rusy50 ca
101 0 _arus
102 _aRU
110 _aayuzz 0|y|
200 1 _aТруды Геологической части Кабинета его императорского величества
207 1 _aТ.1-8
210 _aСПб.
_d1895-1915
710 0 1 _aРоссия
_bКабинет его императорского величества
_4070
801 1 _aRU
_bInfoComm
_c20041118
801 0 _aRU
_bNLR
_gPSBO
852 _aNLR
_j2/1571
942 _cJOURNAL
980 _aRUSPER